000
00328 a2200145 4500
020
_a
N/S
040
_a
ULA-LD-MS
082
_a
72
_b
72
100
_9
1172
_a
PORTO EDITORA
245
_a
Projectos de Obras e sua Execuȯ̂
260
_a
Porto ,
_b
Porto editora
_c
1986.
300
_a
55p
650
_a
Arquitetura
942
_c
Livros
999
_c
2345
_d
2345